000 00321nam a22001337a 4500
008 171016b xxu||||| |||| 00| 0 eng d
020 _a9780840389374
041 _aeng
080 _a331.101.262
100 _a52
101 _aBNJ
245 _aPOWER AND NEGOTATION IN ORGANIZATION
_cCURRALL.S.C
942 _2udc
_cBK
999 _c34198
_d34198